Cinco poetas musulmanes: biografías y estudios

Salvato in:
Dettagli Bibliografici
Autore principale: García Gómez, Emilio (Autore)
Natura: Libro
Lingua:spagnolo
Pubblicazione: Buenos Aires Espasa-Calpe 1945
Serie:Colección Austral, 513
Soggetti:
Tags: Aggiungi Tag
Nessun Tag, puoi essere il primo ad aggiungerne!!

MARC

LEADER 00000nam a2200000 a 4500
001 UCZ7444
003 CL-VaPUC
008 960105e19450000AG |||||||||||||||||spa|d
082 0 4 |a 892.701  |b GAR  |2 21 
100 |a García Gómez, Emilio  |e author  |9 450271 
245 1 0 |a Cinco poetas musulmanes: biografías y estudios 
300 |a 217 p 
942 |c BK 
945 |d 19960105 00:00:00  |a rleighto 
260 |a Buenos Aires  |b Espasa-Calpe  |c 1945 
600 0 7 |a MUTANABBI  |2 CL-VaPUC  |9 352328 
600 0 7 |a GUZMAN, ABEN  |2 CL-VaPUC  |9 352329 
600 0 7 |a ZAMRAK, IBN  |2 CL-VaPUC  |9 352330 
650 7 |a POESIA MUSULMANA  |2 CL-VaPUC  |9 352331 
650 0 |a Crítica e interpretación   |9 255042 
583 |a last modification  |c 19960105 00:00:00  |k Rodrigo Vera 
490 0 |a Colección Austral, 513 
999 |c 243520  |d 243518 
952 |0 0  |1 0  |4 0  |6 892_701000000000000_GAR_1945  |7 0  |8 A  |9 257186  |a BIBEDU  |b BIBEDU  |d 2019-11-19  |i 3164942  |l 2  |m 1  |o 892.701 GAR 1945  |p 3164942  |r 2022-11-28  |s 2022-11-28  |w 2019-11-19  |y BK  |k LIT